000
00328nam a22001457a 4500
008
210303b ||||| |||| 00| 0 eng d
020
_a
9781337052160
041
_a
eng
080
_2
8th
_a
510
082
_a
510
100
_a
36
101
_a
MAT
245
_a
Calculus Single & Multi-Variable
_c
Stewart, J
942
_2
udc
_c
BK
999
_c
55580
_d
55580